| 000 | 00410nam a2200133Ia 4500 | ||
|---|---|---|---|
| 005 | 20260328104258.0 | ||
| 008 | 260328s9999||||xx |||||||||||||| ||und|| | ||
| 100 | _aMubarak, Juan | ||
| 245 | 0 |
_aArquitectura en el Trayecto del sol : _b entendiendo la Modenidad Dominicana / _cJuan Mubarak |
|
| 260 | _bLaboratorio de Arquitectura Dominicana | ||
| 300 | _a230 p. | ||
| 650 | _aREPĂBLICA DOMINICANA | ||
| 942 | _cBK | ||
| 999 |
_c10506 _d10506 |
||